LEADER 00938nam0 2200289 450 001 000024047 005 20090306112638.0 010 $a88-15-05787-0 100 $a20090306d1997----km-y0itay50------ba 101 0 $aita 102 $aIT 105 $ay-------001yy 200 1 $a<>istruzione in Italia$esolo un pezzo di carta?$fa cura di Nicola Rossi$guna ricerca promossa dall'Associazione etica ed economia 210 $aBologna$cIl mulino$d[1997] 215 $a510 p.$d22 cm 225 2 $aStudi e ricerche 410 0$12001$aStudi e ricerche 500 10$a<>istruzione in Italia$959783 610 1 $aIstruzione$aItalia 676 $a370.945$v20$9Educazione in Italia. 702 1$aRossi,$bNicola 712 02$aAssociazione etica ed economia 801 0$aIT$bUNIPARTHENOPE$c20090305$gRICA$2UNIMARC 912 $a000024047 951 $a912/6$b8288$cNAVA2$d2009 996 $aIstruzione in Italia$959783 997 $aUNIPARTHENOPE LEADER 00880nam a2200193 u 4500 001 991004253612907536 005 20230110123619.0 008 221018s1983 xx r 000 0 ita d 040 $aBibl. Interfacoltà T. Pellegrino$bita 082 0 $a949.72 245 00$aAtti e memorie della Società Istriana di archeologia e storia patria. Volume XXXI della Nuova Serie (LXXXIII della Raccolta) 260 $aTrieste :$bSocieta istriana di archeologia e storia patria,$c1983 300 $a439 p. ;$bill. :$c25 cm 500 $aNumerato come Volume XXXI della Nuova Serie (LXXXIII della Raccolta) 650 4$aAntologia$xIstria 710 1 $aSocietà istriana di archeologia e storia patria 912 $a991004253612907536 996 $aAtti e memorie della Società Istriana di archeologia e storia patria. Volume XXXI della Nuova Serie (LXXXIII della Raccolta)$93377398 997 $aUNISALENTO